00418nam a2200157Ia 4500003000400000005001700004008004100021020001800062040000900080082002200089100002200111245007300133260003200206300000900238650001300247OSt20210107104319.0190216s9999||||xx |||||||||||||| ||und|| a9788126405596 coclc a894.812301bVAR/S aVarkey, Ponkunnam 0aSabdikkunna Kalappayum Mattu Pradhana Kathakalum /cPonkunnam Varkey bDc Books,aKottayam:c2006. a100p aKathakal